Pathways 2 (Record no. 18410)
[ view plain ]
| 000 -LEADER | |
|---|---|
| fixed length control field | 00624cgm a22001817a 4500 |
| 005 - DATE AND TIME OF LATEST TRANSACTION | |
| control field | 20201125063856.0 |
| 007 - PHYSICAL DESCRIPTION FIXED FIELD--GENERAL INFORMATION | |
| fixed length control field | vd cgaizm |
| 008 - FIXED-LENGTH DATA ELEMENTS--GENERAL INFORMATION | |
| fixed length control field | 140923t2014 xxx f |||| 0| vneng d- |
| 020 ## - INTERNATIONAL STANDARD BOOK NUMBER | |
| International Standard Book Number | 9781133317265 |
| 040 ## - CATALOGING SOURCE | |
| Original cataloging agency | EG-ScBUE |
| 082 00 - DEWEY DECIMAL CLASSIFICATION NUMBER | |
| Edition number | 22 |
| Classification number | 428.2076 |
| Item number | PAT |
| 245 00 - TITLE STATEMENT | |
| Title | Pathways 2 |
| Medium | [videorecording] : |
| Remainder of title | reading, writing, and critical thinking : assessment CD-ROM exam view. |
| 246 3# - VARYING FORM OF TITLE | |
| Title proper/short title | Pathways two |
| 260 ## - PUBLICATION, DISTRIBUTION, ETC. (IMPRINT) | |
| Place of publication, distribution, etc | Boston, United States : |
| Name of publisher, distributor, etc | National Geographic Learning : |
| -- | Heinle Cengage Learning, |
| Date of publication, distribution, etc | c.2014. |
| 300 ## - PHYSICAL DESCRIPTION | |
| Extent | 1 CD-ROM. |
| 710 2# - ADDED ENTRY--CORPORATE NAME | |
| Corporate name or jurisdiction name as entry element | National Geographic Learning |
| 9 (RLIN) | 35969 |
| 942 ## - ADDED ENTRY ELEMENTS (KOHA) | |
| Source of classification or shelving scheme | Dewey Decimal Classification |
| Item type | |
| Call number prefix | 428.0071 PAT TR |
| Withdrawn status | Lost status | Source of classification or shelving scheme | Damaged status | Not for loan | Koha collection | Home library | Current library | Shelving location | Date acquired | Source of acquisition | Total Checkouts | Full call number | Barcode | Date last seen | Koha item type |
|---|---|---|---|---|---|---|---|---|---|---|---|---|---|---|---|
| Dewey Decimal Classification | Baccah | Central Library | Central Library | Second Floor | 25/09/2014 | 428.2076 PAT TR | 000036375 | 24/08/2022 | CD | DVD - Teacher resource | ||||||
| Dewey Decimal Classification | Baccah | Central Library | Central Library | Second Floor | 25/09/2014 | 428.2076 PAT TR | 000036376 | 24/08/2022 | CD | DVD - Teacher resource | ||||||
| Dewey Decimal Classification | Baccah | Central Library | Central Library | Second Floor | 25/09/2014 | 428.2076 PAT TR | 000036377 | 24/08/2022 | CD | DVD - Teacher resource | ||||||
| Dewey Decimal Classification | Baccah | Central Library | Central Library | Second Floor | 25/09/2014 | 428.2076 PAT TR | 000036378 | 24/08/2022 | CD | DVD - Teacher resource | ||||||
| Dewey Decimal Classification | Baccah | Central Library | Central Library | Second Floor | 25/09/2014 | 428.2076 PAT TR | 000036379 | 24/08/2022 | CD | DVD - Teacher resource |